ANNUAL SURVEY OF INDIAN LAW 2000 (Record no. 18461)

MARC details
000 -LEADER
fixed length control field 00284nam a22001217a 4500
003 - CONTROL NUMBER IDENTIFIER
control field SGT
082 ## - DEWEY DECIMAL CLASSIFICATION NUMBER
Classification number 340
Item number VER
100 ## - MAIN ENTRY--PERSONAL NAME
Personal name INDIAN LAW INSTITUTE
245 ## - TITLE STATEMENT
Title ANNUAL SURVEY OF INDIAN LAW 2000
260 ## - PUBLICATION, DISTRIBUTION, ETC. (IMPRINT)
Place of publication, distribution, etc NEW DELHI
Name of publisher, distributor, etc THE INDIAN LAW INSTITUTE
Year of Publication 2000
300 ## - PAGE DESCRIPTION
No. of Pages 585
942 ## - ADDED ENTRY ELEMENTS (KOHA)
Source of classification or shelving scheme Dewey Decimal Classification
Koha item type Books
Holdings
Withdrawn status Lost status Source of classification or shelving scheme Damaged status Not for loan Collection code Home library Current library Shelving location Date acquired Cost, normal purchase price SGTU Full call number Accession No. (Barcode) Date last seen Bill Date Koha item type
    Dewey Decimal Classification   Not For Loan LAW SGT Science & Social Sciences Library SGT Science & Social Sciences Library Reference Book 11/07/2019 400.00 SGTU 340 VER FL2239 11/07/2019 11/07/2019 Books